| 000 | 00317nam a22001217a 4500 | ||
|---|---|---|---|
| 082 | _a332.152 | ||
| 100 | _aState Bank of Pakistan | ||
| 245 |
_aPakistan Financial Sector Assessment 2004 _cState Bank of Pakistan |
||
| 260 |
_aKarachi _bSBP Research Deptt _c2004 |
||
| 300 | _a202p | ||
| 563 | _aP.B | ||
| 942 |
_2ddc _cBK |
||
| 999 |
_c588751 _d588751 |
||